Who Controls It? #1 - Statistics

General Stats
  • This quiz has been taken 48,538 times
  • The average score is 14 of 24
Answer Stats
Place Country % Correct
Northern Ireland United Kingdom
98%
Baja California Mexico
90%
Canary Islands Spain
87%
Oahu United States
84%
Mekong River Delta Vietnam
77%
Petronas Towers Malaysia
71%
Lhasa China
69%
Aruba Netherlands
68%
Corfu Greece
63%
Durban South Africa
61%
Victoria Island
* world's 8th largest
Canada
60%
Zealand Denmark
59%
Cayenne France
58%
Tiber River Italy
58%
Spitsbergen Norway
56%
Blue Mosque Turkey
56%
Port Said Egypt
50%
The Kaaba Saudi Arabia
47%
Andaman Islands India
46%
Puncak Jaya Indonesia
46%
Mato Grosso Brazil
38%
Lake Ladoga Russia
34%
Socotra Yemen
33%
Mount Chimborazo Ecuador
25%
No matching quizzes found
Score Distribution
Percent of People with Each Score
Percentile by Number Answered
Your Score History
You have not taken this quiz